<?xml version="1.0" encoding="UTF-8"?>
<marc:record xmlns:marc="http://www.loc.gov/MARC21/slim">
   <marc:leader>00000nam a2200000 a 4500</marc:leader>
   <marc:datafield ind1=" " ind2=" " tag="653">
      <marc:subfield code="a">Maus</marc:subfield>
   </marc:datafield>
   <marc:datafield ind1=" " ind2=" " tag="653">
      <marc:subfield code="a">Vorlesegeschichte</marc:subfield>
   </marc:datafield>
   <marc:datafield ind1="0" ind2="0" tag="245">
      <marc:subfield code="a">Vorlesen mit der Maus</marc:subfield>
   </marc:datafield>
   <marc:datafield ind1="0" ind2="0" tag="245">
      <marc:subfield code="b">die größten Helden aus der "Sendung mit der Maus"</marc:subfield>
   </marc:datafield>
   <marc:datafield ind1="0" ind2="0" tag="245">
      <marc:subfield code="c">Klaus Baumgart ...</marc:subfield>
   </marc:datafield>
   <marc:datafield ind1=" " ind2="1" tag="264">
      <marc:subfield code="a">Hamburg</marc:subfield>
      <marc:subfield code="b">Carlsen</marc:subfield>
      <marc:subfield code="c">2016</marc:subfield>
   </marc:datafield>
   <marc:datafield ind1="1" ind2=" " tag="520">
      <marc:subfield code="a">Angaben aus der Verlagsmeldung. Vorlesen mit der Maus - Die größten Helden aus der Sendung mit der Maus : Sammelband mit über 20 der beliebtesten Bilderbücher aus der Sendung mit der Maus / von Sven Nordquist, Janosch, James Krüss, Manuela Olten, Klaus Baumgart. In den Lachgeschichten aus der "Sendung mit der Maus" sehen Kinder jeden Sonntag die besten und schönsten Bilderbücher in Zeichentrickfilmen. In diesem Buch findet sich eine Auswahl der größten Kinderbuch-Helden aus den Lachgeschichten zum Vorlesen. Käpt&#x92;n Blaubär, der kleine Eisbär, Willi Wiberg, Cowboy Klaus und viele andere Große aus der Welt der Kleinen sind mit dabei. Eine erlesene Auswahl in Zusammenarbeit mit demWDR. Mit Vorlesetipps und einem Vorwort von Maria Linsmann, Bilderbuchmuseum in Troisdorf.Mit Bilderbüchern von Sven Nordquist, Janosch, Birte Mueller, Hans de Beer, Manuela Olten, Klaus Baumgart, Karsten Teich, Gunilla Bergström und Jörg Hilbert</marc:subfield>
   </marc:datafield>
   <marc:datafield ind1=" " ind2=" " tag="020">
      <marc:subfield code="a">9783551183453</marc:subfield>
      <marc:subfield code="9">9783551183453</marc:subfield>
   </marc:datafield>
   <marc:datafield ind1=" " ind2=" " tag="020">
      <marc:subfield code="a">ISBN 9783551183453 ? 15,50</marc:subfield>
      <marc:subfield code="9">ISBN 9783551183453 ? 15,50</marc:subfield>
   </marc:datafield>
   <marc:datafield ind1=" " ind2=" " tag="041">
      <marc:subfield code="a">ger</marc:subfield>
   </marc:datafield>
   <marc:datafield ind1=" " ind2=" " tag="300">
      <marc:subfield code="a">138 S. : Ill.</marc:subfield>
   </marc:datafield>
</marc:record>
